[Event "NCA-ch"]
[Site "Managua"]
[Date "2011.09.04"]
[Round "7"]
[White "Mejia, Donaldo"]
[Black "Maltez, Lazaro"]
[Result "0-1"]
[WhiteElo "1770"]
[BlackElo "1801"]
[PlyCount "88"]
[EventDate "2011.08.20"]
[EventType "swiss"]
[EventRounds "9"]
[EventCountry "NCA"]
[SourceTitle "CBM 144 Extra"]
[Source "ChessBase"]
[SourceDate "2011.10.28"]
[SourceVersion "1"]
[SourceVersionDate "2011.10.28"]
[SourceQuality "1"]

1. e4 b6 2. Bc4 Bb7 3. Nc3 e6 4. Qe2 g6 5. d3 Bg7 6. h4 d6 7. h5 Nd7 8. h6 Bxc3+ 9. bxc3 Ne5 10. Bb3 Ne7 11. f4 N5c6 12. Nf3 Qd7 13. a4 Na5 14. Bb2 Nxb3 15. cxb3 f6 16. d4 Rf8 17. a5 b5 18. a6 Bc6 19. c4 bxc4 20. bxc4 Kf7 21. d5 exd5 22. exd5 Rfe8 23. Qe6+ Qxe6+ 24. dxe6+ Kxe6 25. 0-0 Rab8 26. Rae1+ Kf7 27. Bd4 Nf5 28. Rxe8 Rxe8 29. Bxa7 Bxf3 30. Rxf3 Ra8 31. Bf2 Rxa6 32. Rh3 Ra1+ 33. Kh2 Rc1 34. g4 Ne7 35. c5 dxc5 36. Rd3 Ke8 37. Be3 c4 38. Rd4 Rc3 39. Bd2 Rd3 40. Rxd3 cxd3 41. Kg3 Kd7 42. Kf3 f5 43. g5 Nd5 44. Kf2 c5 0-1